Process instrumentation dynamic & control for chemical engineers / (Record no. 127718)

MARC details
000 -LEADER
fixed length control field 00865nam a22002537a 4500
005 - DATE AND TIME OF LATEST TRANSACTION
control field 20170124110029.0
010 ## - LIBRARY OF CONGRESS CONTROL NUMBER
LC control number B-089736
020 ## - INTERNATIONAL STANDARD BOOK NUMBER
Terms of availability 350.00
International Standard Book Number 8186299440
020 ## - INTERNATIONAL STANDARD BOOK NUMBER
Terms of availability 350.00
International Standard Book Number 9788186299449
035 ## - SYSTEM CONTROL NUMBER
System control number B-089736
037 ## - SOURCE OF ACQUISITION
Source of stock number/acquisition Cen Lib/Ret
040 ## - CATALOGING SOURCE
Original cataloging agency DPL
Language of cataloging EN
082 ## - DEWEY DECIMAL CLASSIFICATION NUMBER
Classification number 660
Item number RAY
100 ## - MAIN ENTRY--PERSONAL NAME
Personal name Ray, Chaudhary Uttam
9 (RLIN) 21323
245 ## - TITLE STATEMENT
Title Process instrumentation dynamic & control for chemical engineers /
Statement of responsibility, etc by Ray Chaudhuri Uttam [and] Ray Chaudhuri Utpal
260 ## - PUBLICATION, DISTRIBUTION, ETC. (IMPRINT)
Place of publication, distribution, etc New Delhi
Name of publisher, distributor, etc Asian Books Private Limited
Date of publication, distribution, etc 2003
270 ## - ADDRESS
Address 7/28, Mahavir Lane, Vardan House, Ansari Road, Daryaganj
City New Delhi
Postal code 110002
300 ## - PHYSICAL DESCRIPTION
Extent 187p. :
Dimensions 24cm(Hb)
Other physical details ill.
500 ## - GENERAL NOTE
General note Includes index.
650 ## - SUBJECT ADDED ENTRY--TOPICAL TERM
Topical term or geographic name as entry element Technology
9 (RLIN) 3711
650 ## - SUBJECT ADDED ENTRY--TOPICAL TERM
Topical term or geographic name as entry element Chemical engineering
9 (RLIN) 72065
700 ## - ADDED ENTRY--PERSONAL NAME
Personal name Ray Chaudhary Utpal
9 (RLIN) 21325
942 ## - ADDED ENTRY ELEMENTS (KOHA)
Source of classification or shelving scheme Dewey Decimal Classification
Koha item type English Books
Classification part 660
Call number suffix RAY
Holdings
Withdrawn status Lost status Damaged status Not for loan Home library Current library Date acquired Source of acquisition Cost, normal purchase price Total Checkouts Full call number Barcode Date last seen Copy number Cost, replacement price Price effective from Koha item type
        Central Library Central Library 30/06/2015 Cen Lib/Ret 350.00   660 RAY B-089736 30/06/2015 1 350.00 15/09/2016 English Books

© Delhi Public Library
Hit Counter
free hit counter